000 00341 a2200145 4500
001 153012
040 _cEscola São Tomás de Aquino
240 1 0 _aUm balão caindo perto de nós.
_lpor
245 1 0 _aUm balão caindo perto de nós.
300 _a84
362 0 _a2001
440 1 _aSaraiva
697 _a*LITERATURA JUVENIL
942 _cBK
999 _c153012
_d153012